| 000 | 00779cab a2200229 4500 | ||
|---|---|---|---|
| 001 | WB3244-04 | ||
| 008 | 090401t1996 xxu||||| |||| 00| 0 eng d | ||
| 035 | _a(Sirsi) u56141 | ||
| 041 | _aeng | ||
| 245 | 4 | _aThe German invasion | |
| 260 | _c1996 | ||
| 350 | _a0 | ||
| 490 |
_aSunday Telegraph _v17 November 1996, B7(2) |
||
| 520 | _aReports on recent transactions by German investment funds in the British commercial property market. List 9 largest funds and the geographical areas of interest in London. | ||
| 650 | _aPROPERTY-COMMERCIAL PROPERTY | ||
| 650 | _aGERMAN INVESTMENT FUNDS | ||
| 650 | _aLONDON | ||
| 650 | _aOVERSEAS INVESTMENT | ||
| 690 | _aPROPERTY-COMMERCIAL PROPERTY-COMMERCIAL PROPERTY FINANCE AND INVESTMENT | ||
| 942 | _n0 | ||
| 948 | _c04/03/1997 | ||
| 999 |
_c34251 _d34251 |
||